|
|
|
|
| LEADER |
00655nab a2200193 i 4500 |
| 001 |
acta14754 |
| 005 |
20210409114544.0 |
| 008 |
161015s1980 hu o 0|| eng d |
| 022 |
|
|
|a 0001-6969
|
| 040 |
|
|
|a SZTE Egyetemi Kiadványok Repozitórium
|b hun
|
| 041 |
|
|
|a eng
|
| 100 |
1 |
|
|a Kaiser Hans K.
|
| 245 |
1 |
0 |
|a Remarks on a paper of L. Szabó and Á. Szendrei
|h [elektronikus dokumentum] /
|c Kaiser Hans K.
|
| 260 |
|
|
|c 1980
|
| 300 |
|
|
|a 95-98
|
| 490 |
0 |
|
|a Acta scientiarum mathematicarum
|v 42 No. 1-2
|
| 695 |
|
|
|a Matematika
|
| 700 |
0 |
1 |
|a Márki László
|e aut
|
| 856 |
4 |
0 |
|u http://acta.bibl.u-szeged.hu/14754/1/math_042_fasc_001_002_095-098.pdf
|z Dokumentum-elérés
|